|
|
|
|
| LEADER |
00000nas a22000007a 4500 |
| 001 |
ssj0006286 |
| 003 |
WaSeSS |
| 005 |
20200512172242.0 |
| 006 |
m d |
| 007 |
cr n |
| 008 |
980121c19259999moumr pss 0 a0eng c |
| 010 |
|
|
|a sn 98005930
|
| 016 |
7 |
|
|a 2003210-9
|2 DE-600
|
| 022 |
|
|
|a 1097-6744
|l 0002-8703
|y 0002-8703
|
| 035 |
|
|
|a (WaSeSS)ssj0006286
|
| 037 |
|
|
|b Mosby, Inc., 11830 Westline Industrial Drive, St. Louis, MO 63146-3318
|c $133.00 (individual)
|c $269.00 (institutional)
|
| 040 |
|
|
|a NSD
|b eng
|c NSD
|d OCL
|d MXC
|d EYM
|d OCLCQ
|d MUQ
|d OCLCQ
|d OCL
|d OCLCQ
|d FQM
|d OCL
|d MXC
|d TEF
|d OCLCQ
|d TEF
|d OCLCQ
|d OCLCO
|d OCLCQ
|d OPELS
|d OCLCF
|d OCLCO
|d FFQ
|d VT2
|d OCLCQ
|d OCLCO
|d OCLCQ
|d Z5A
|d OCLCO
|d OCLCA
|d BUF
|d U3W
|d EZC
|d WYU
|d TKN
|d IBD
|d WaSeSS
|
| 042 |
|
|
|a nsdp
|a pcc
|
| 050 |
1 |
4 |
|a RC681.A1
|
| 060 |
|
4 |
|a INTERNET
|
| 082 |
1 |
0 |
|a 616
|2 13
|
| 130 |
0 |
|
|a American heart journal (Online)
|
| 210 |
0 |
|
|a Am. heart j.
|b (Online)
|
| 222 |
|
0 |
|a American heart journal
|b (Online)
|
| 245 |
1 |
0 |
|a American heart journal
|h [electronic resource] :
|b AHJ.
|
| 260 |
|
|
|a [St. Louis, Mo.] :
|b Mosby, Inc.
|
| 310 |
|
|
|a Monthly
|
| 362 |
1 |
|
|a Print began with vol. 1 (Oct. 1925).
|
| 506 |
|
|
|a License restrictions may limit access.
|
| 588 |
|
|
|a Description based on: Vol. 134, no. 6 (Dec. 1997); title from title screen.
|
| 650 |
|
0 |
|a Heart
|x Diseases
|v Periodicals.
|
| 650 |
|
6 |
|a Cardiologie
|v Périodiques.
|
| 650 |
|
6 |
|a Sang
|x Circulation
|v Périodiques.
|
| 650 |
|
6 |
|a Coeur
|x Maladies
|v Périodiques.
|
| 650 |
|
7 |
|a Heart
|x Diseases.
|2 fast
|0 (OCoLC)fst00953527
|
| 650 |
|
2 |
|a Blood Circulation
|v Periodicals.
|
| 650 |
|
2 |
|a Cardiology
|v Periodicals.
|
| 655 |
|
0 |
|a Electronic journals.
|
| 776 |
0 |
8 |
|i Print version:
|t American heart journal
|x 0002-8703
|w (DLC)a 38001186
|w (OCoLC)1479953
|
| 856 |
4 |
0 |
|z Full text available from Research Library: 01/01/2002 to 2 months ago
|u https://search.proquest.com/publication/2031075
|